Ectons and their role in electrical discharges in vacuum and gases; Le Journal de Physique IV; Vol. 7, № C4

Bibliographic Details
Parent link:Le Journal de Physique IV
Vol. 7, № C4.— 1997.— P. 93-112
Main Author: Mesyats G. A. Gennady Andreyevich
Summary:В фонде НТБ ТПУ отсутствует
Language:English
Published: 1997
Subjects:
Format: Book Chapter
KOHA link:https://koha.lib.tpu.ru/cgi-bin/koha/opac-detail.pl?biblionumber=596689

MARC

LEADER 00000naa0a2200000 4500
001 596689
005 20250122092537.0
035 |a (RuTPU)RU\TPU\tpu\19671 
090 |a 596689 
100 |a 20110808d1997 k||y0rusy50 ba 
101 0 |a eng 
102 |a FR 
200 1 |a Ectons and their role in electrical discharges in vacuum and gases  |f G. A. Mesyats 
333 |a В фонде НТБ ТПУ отсутствует 
461 |t Le Journal de Physique IV 
463 |t Vol. 7, № C4  |v P. 93-112  |d 1997 
610 1 |a труды учёных ТПУ 
700 1 |a Mesyats  |b G. A.  |c russian physicist  |c academican, vice-president of RAS  |c graduate of Tomsk Polytechnic Institute  |f 1936-  |g Gennady Andreyevich  |3 (RuTPU)RU\TPU\pers\28088 
801 1 |a RU  |b 63413507  |c 20110808 
942 |c CR